书目信息 |
| 题名: |
王小波全集
|
|
| 作者: | 王小波 著 | |
| 分册: | 第二卷 杂文 | |
| 出版信息: | 昆明 云南人民出版社 2006 |
|
| 页数: | 225页 | |
| 开本: | 23cm | |
| 丛书名: | ||
| 单 册: | ||
| 中图分类: | I267.1 , I217.52 | |
| 科图分类: | ||
| 主题词: | 文学--作品--中国--现代--选集 , 文学 , 杂文 , 杂文--中国--现代--选集 | |
| 电子资源: | ||
| ISBN: | 7-222-04766-2 | |
| 000 | 00931nam0 2200265 450 | |
| 001 | 003349138 | |
| 005 | 20070805092911.10 | |
| 010 | @a7-222-04766-2@b精装@dCNY288.00(全10册) | |
| 100 | @a20070112d2006 em y0chiy0110 ea | |
| 101 | 0 | @achi |
| 102 | @aCN@b530000 | |
| 105 | @ay z 000cy | |
| 200 | 1 | @a王小波全集@9wang xiao bo quan ji@h第二卷@i杂文@i我的精神家园@f王小波著 |
| 210 | @a昆明@c云南人民出版社@d2006 | |
| 215 | @a225页@d23cm | |
| 330 | @a《王小波全集》收录了王小波生前的重要著述,内容杂文、长篇小说、中篇小说、短篇小说、书信集及未竟稿。本卷收入《男人眼中的女性美》、《生活和小说》、《愚人节有感》、《关于同性恋问题》等杂文。 | |
| 606 | 0 | @a文学@x作品@y中国@z现代@j选集 |
| 606 | 0 | @a文学 |
| 606 | 0 | @a杂文 |
| 606 | 0 | @a杂文@y中国@z现代@j选集 |
| 690 | @aI267.1@v4 | |
| 690 | @aI217.52@v4 | |
| 701 | 0 | @a王小波@9wang xiao bo@f(1952~1997.4)@4著 |
| 801 | 0 | @aCN@bNLC@c20070805 |
| 905 | @a10447@dI217.52@e613:2 | |
| 王小波全集.第二卷.杂文.我的精神家园/王小波著.-昆明:云南人民出版社,2006 |
| 225页;23cm |
| ISBN 7-222-04766-2(精装):CNY288.00(全10册) |
| 《王小波全集》收录了王小波生前的重要著述,内容杂文、长篇小说、中篇小说、短篇小说、书信集及未竟稿。本卷收入《男人眼中的女性美》、《生活和小说》、《愚人节有感》、《关于同性恋问题》等杂文。 |
| ● |
| 相关链接 |
|
|
|
|
正题名:王小波全集
索取号:I217.52/613:2
 
预约/预借
| 序号 | 登录号 | 条形码 | 馆藏地/架位号 | 状态 | 备注 |
| 1 | 0807987 | 208079871 | 第一样本阅览室/ [索取号:I217.52/613:2] | 在馆 | |
| 2 | 0807988 | 208079880 | 第二借阅区/ [索取号:I217.52/613:2] | 在馆 | |
| 3 | 0807989 | 208079899 | 第二借阅区/ [索取号:I217.52/613:2] | 在馆 | |
| 4 | 0807990 | 208079906 | 第二借阅区/ [索取号:I217.52/613:2] | 在馆 | |
| 5 | 0807991 | 208079915 | 第二借阅区/ [索取号:I217.52/613:2] | 在馆 | |
| 6 | 0807992 | 208079924 | 第二借阅区/ [索取号:I217.52/613:2] | 在馆 | |
| 7 | 0807993 | 208079933 | 第二借阅区/ [索取号:I217.52/613:2] | 在馆 | |
| 8 | 0807994 | 208079942 | 第二借阅区/ [索取号:I217.52/613:2] | 在馆 | |
| 9 | 0807995 | 208079951 | 第二借阅区/ [索取号:I217.52/613:2] | 在馆 | |
| 10 | 0807996 | 208079960 | 第二借阅区/ [索取号:I217.52/613:2] | 在馆 |